000 00698cam a22002294a 4500
001 12833754
005 20171215044105.0
008 020626s2003 maua 001 0 eng
010 _a 2002026034
020 _a0321122011 (pbk.)
040 _aDLC
_cDLC
_dDLC
041 _aeng
042 _apcc
080 _a004 LAW
082 0 0 _a004 LAW
_221
100 1 _a30
101 _aSHK
245 1 0 _aFluency with information technology :
_cLawrence Snyder.
906 _a7
_bcbc
_corignew
_d1
_eocip
_f20
_gy-gencatlg
942 _2ddc
_cBK
999 _c38989
_d38989